|
|
|
|
| LEADER |
00000nam0a2200000 4500 |
| 001 |
137181 |
| 005 |
20231101220650.0 |
| 010 |
|
|
|a 575080013X
|
| 029 |
0 |
0 |
|a RU
|b 2.1.7.020-94
|c ГН
|
| 035 |
|
|
|a (RuTPU)RU\TPU\book\148673
|
| 035 |
|
|
|a RU\TPU\book\148621
|
| 090 |
|
|
|a 137181
|
| 100 |
|
|
|a 20080506d1995 k y0rusy50 ca
|
| 101 |
0 |
|
|a rus
|
| 102 |
|
|
|a RU
|
| 105 |
|
|
|a a l 000zy
|
| 200 |
1 |
|
|a Ориентировочно допустимые концентрации (ОДК) тяжелых металлов и мышьяка в почвах
|e Дополнение №1 к перечню ПДК и ОДК № 6229-91
|e ГН
|e Гигиенические нормативы
|f Государственный комитет санитарно-эпидемиологического надзора Российской Федерации
|
| 205 |
|
|
|a официальное изд.
|
| 210 |
|
|
|a Москва
|c Госкомсанэпиднадзор России
|d 1995
|
| 215 |
|
|
|a 7 с.
|
| 225 |
1 |
|
|a 1.1 Почва, очистка населенных мест, бытовые и промышленные отходы, санитарная охрана почвы
|
| 229 |
|
|
|a Утвержден и введен Постановлением Госкомсанэпиднадзор России от 27 декабря 1994 года №13
|a Введены впервые
|
| 610 |
1 |
|
|a гигиена
|
| 610 |
1 |
|
|a гигиенические нормативы
|
| 610 |
1 |
|
|a почва
|
| 610 |
1 |
|
|a очистка
|
| 610 |
1 |
|
|a бытовые отходы
|
| 610 |
1 |
|
|a промышленные отходы
|
| 610 |
1 |
|
|a санитарная охрана
|
| 610 |
1 |
|
|a почва
|
| 675 |
|
|
|a 631(083)
|v 3
|
| 712 |
0 |
2 |
|a Государственный комитет санитарно-эпидемиологического надзора Российской Федерации
|2 stltpush
|3 (RuTPU)RU\TPU\col\9289
|9 24676
|
| 801 |
|
1 |
|a RU
|b 63413507
|c 20061201
|g PSBO
|
| 801 |
|
2 |
|a RU
|b 63413507
|c 20221207
|g PSBO
|
| 942 |
|
|
|c BK
|
| 959 |
|
|
|a 100/20061130
|d 1
|e 480,00
|f ЧЗКДП:1
|